Tovaroznalectvo nepotravinárskeho tovaru praktikum
Uložené v:
| Hlavný autor: | |
|---|---|
| Korporativný autor: | |
| Ďalší autori: | , , |
| Médium: | Kniha |
| Jazyk: | Slovak |
| Vydavateľské údaje: |
Bratislava
Vydavateľstvo EKONÓM
2016
|
| Vydanie: | 1. vyd. |
| Predmet: | |
| Tagy: |
Žiadne tagy, Buďte prvý, kto otaguje tento záznam!
|
MARC
| LEADER | 00000nam a2200000 4500 | ||
|---|---|---|---|
| 001 | 0213481 | ||
| 005 | 20240502073547.4 | ||
| 020 | |a 978-80-225-4223-4 | ||
| 041 | 0 | |a slo | |
| 044 | |a SK | ||
| 245 | 1 | 0 | |a Tovaroznalectvo nepotravinárskeho tovaru |b praktikum |c Ľubica Knošková, Alena Dudeková ; recenzenti: Jozef Mlákay, Martina Leščáková |
| 250 | |a 1. vyd. | ||
| 264 | 1 | |a Bratislava |b Vydavateľstvo EKONÓM |c 2016 | |
| 300 | |a 207 s. [12,54 AH] | ||
| 610 | 2 | 0 | |a tovaroznalectvo |
| 610 | 2 | 0 | |a produkty |
| 610 | 2 | 0 | |a výrobky |
| 610 | 2 | 0 | |a tovar drogeristický |
| 610 | 2 | 0 | |a tovar spotrebný |
| 610 | 2 | 0 | |a tovar priemyselný |
| 610 | 2 | 0 | |a plasty |
| 610 | 2 | 0 | |a priemysel plastov |
| 610 | 2 | 0 | |a automobily |
| 610 | 2 | 0 | |a priemysel automobilový |
| 610 | 2 | 0 | |a priemysel elektrotechnický |
| 610 | 2 | 0 | |a elektronika spotrebná |
| 610 | 2 | 0 | |a drevo |
| 610 | 2 | 0 | |a priemysel drevársky |
| 610 | 2 | 0 | |a nábytok |
| 610 | 2 | 0 | |a priemysel nábytkársky |
| 610 | 2 | 0 | |a papier |
| 610 | 2 | 0 | |a priemysel papiernický |
| 610 | 2 | 0 | |a odevy |
| 610 | 2 | 0 | |a priemysel odevný |
| 610 | 2 | 0 | |a textil |
| 610 | 2 | 0 | |a priemysel textilný |
| 610 | 2 | 0 | |a sklo |
| 610 | 2 | 0 | |a priemysel sklársky |
| 610 | 2 | 0 | |a keramika |
| 610 | 2 | 0 | |a priemysel keramický |
| 610 | 2 | 0 | |a kovy drahé |
| 100 | 1 | |a Knošková, Ľubica, 1965- | |
| 700 | 1 | |a Dudeková, Alena, 1986- | |
| 700 | 1 | |a Mlákay, Jozef | |
| 700 | 1 | |a Leščáková, Martina | |
| 710 | 2 | |a Ekonomická univerzita v Bratislave. Obchodná fakulta | |